000 01008 a2200169 4500
003 Nust
005 20221031105336.0
040 _cNust
082 _a621.3192,DOV
100 _aDover, A. T.
_941356
245 _aCircuits, instruments materials Vol. 2 /
_cA.T. Dover , F.T Champan & Harley Carter
260 _aLongmans, green and company
_bHer majesty's
_c1956
300 _aix,489 p
505 _aIntroduction (Page-1), Direct Current Theory(Page-10), Single Phase Alternating Current (Page-39), Three Phase Circuits (Page-72), Laboratory Instruments and Methods of Measurements (Page-105), Commercial Measuring Instruments (Page-151), Conducting Materials (Page-202), Insulators and Insulating Materials (Page-214), The Magnetic Field (Page-233), Magnetization and Hysteresis (Page-268), Magnetic Measurements (Page-295), Magnetic Properties of Mitral (Page-324), The Electric Field (Page-339), The Electron and Electron Tubes (Page-357),
650 _aInstruments materials
_9101857
942 _2ddc
_cBK
999 _c180763
_d180763